000 00685nam a22002177a 4500
005 20111011115833.0
010 _aG-001730
020 _c120.00
_a9788177669206
035 1 d _aG-001730
037 _bGift
082 _aN
100 _aEllis, Deborah
_935450
245 E _aParvana's journey /
_cby Deborah Ellis
260 _aPune
_bMehta Publishing House
_c2009
270 _a1941 Sidashiv Peth, Madiwale Colony,
_bPune
_e411030
300 _a114p.
_c21cm(pbk)
500 _aIncludes glossary
942 _2ddc
_cCH
_hN
_mELL
999 _c57516
_d57516